000
00279nam a2200109Ia 4500
008
171211s9999 xx 000 0 und d
245
_a
Art and the City
245
_c
Nicolas Whybrow
260
_c
2011
650
_x
ART
856
_u
http://down.ebook777.com/062/9781845114664.pdf
999
_c
348574
_d
348574